000 00287nam a2200121 a 4500
008 101208s1986|||| d
100 1 _aHerfurt, Ivan
245 1 0 _aZlatý fond světové kinematografie
260 _bHorizont
_aPraha
_c1986
020 _c49
041 _aces
044 _aCZ
999 _c14914
_d14914